| 000 | 00425nam a22001697a 4500 | ||
|---|---|---|---|
| 003 | OSt | ||
| 008 | 240416b |||||||| |||| 00| 0 eng d | ||
| 020 | _a9789353066499 | ||
| 082 | _a658.421 BAE | ||
| 100 | _aBARRINGER, Bruce R | ||
| 245 | _aEntrepreneurship Successfully launching New Ventures | ||
| 250 | _a6th Ed | ||
| 260 |
_aN. Delhi _bPearson _c2024 |
||
| 300 | _a617 | ||
| 700 | _aDUANE IRELAND,R | ||
| 942 |
_2ddc _cBK |
||
| 999 |
_c12509 _d12509 |
||